Beskonečnoznačnaja logika v zadačach kibernetiki

Gespeichert in:
Bibliographische Detailangaben
1. Verfasser: Levin, Vitalij Il'jič
Format: Buch
Sprache:Russisch
Veröffentlicht: Moskva Radio i svjaz' 1982
Tags: Tag hinzufügen
Keine Tags, Fügen Sie das erste Tag hinzu!

MARC

LEADER 00000nam a2200000 4500
001 c134513
005 20041019155301.4
041 0 |a rus 
044 |a RU 
245 1 0 |a Beskonečnoznačnaja logika v zadačach kibernetiki  |c Vitalij Il'jič Levin 
264 1 |a Moskva  |b Radio i svjaz'  |c 1982 
300 |a 174 s. 
100 1 |a Levin, Vitalij Il'jič